| 000 | 00684nam a2200241Ia 4500 | ||
|---|---|---|---|
| 005 | 20251020182532.0 | ||
| 008 | 200515s9999 xx 000 0 und d | ||
| 020 | _a84-8076-624-7 | ||
| 082 | _a712.3/C31 | ||
| 100 | _aCarter, George | ||
| 245 | 0 | _aEspacios verdes : Planificación y arquitectura de jardines | |
| 250 | _a1a ed. | ||
| 260 | _aBarcelona | ||
| 260 | _bBlume | ||
| 260 | _c2006 | ||
| 300 | _bil., tbl., graf., fot., col. | ||
| 500 | _a1 ejemplar | ||
| 520 | _a2 ejemplares. Soluciones sencillas e imaginativas para cada una de las cinco grandes claves del diseƱo de jardines. | ||
| 650 | _aJARDINES | ||
| 942 | _cLIB | ||
| 999 |
_c2125 _d2125 |
||